Public goods : (Record no. 349009)

000 -LEADER
fixed length control field 00902 a2200193 4500
020 ## - INTERNATIONAL STANDARD BOOK NUMBER
International Standard Book Number 3642063357 (paperback)
020 ## - INTERNATIONAL STANDARD BOOK NUMBER
International Standard Book Number 9783642063350 (paperback)
082 ## - DEWEY DECIMAL CLASSIFICATION NUMBER
Classification number 300.015195
090 ## - LOCALLY ASSIGNED LC-TYPE CALL NUMBER (OCLC); LOCAL CALL NUMBER (RLIN)
-- 6658
-- 6658
100 1# - MAIN ENTRY--PERSONAL NAME
Personal name Batina, Raymond G.
245 10 - TITLE STATEMENT
Title Public goods :
Remainder of title theories and evidence /
Statement of responsibility, etc. Raymond G. Batina, Toshihiro Ihori.
250 ## - EDITION STATEMENT
Edition statement Softcover reprint of hardcover 1st ed. 2005.
260 ## - PUBLICATION, DISTRIBUTION, ETC.
Place of publication, distribution, etc. [S.l.] :
Name of publisher, distributor, etc. Springer,
Date of publication, distribution, etc. 2010.
300 ## - PHYSICAL DESCRIPTION
Extent 437 p. ;
Dimensions 23 cm.
520 ## - SUMMARY, ETC.
Summary, etc. A wide-ranging survey of the theory and evidence on public goods, presenting the main literature on public goods, both theoretical and empirical, in a systematic manner. The breadth and depth of the book's coverage extends the existing literature in many ways.
700 1# - ADDED ENTRY--PERSONAL NAME
Personal name Ihori, Toshihiro.
856 40 - ELECTRONIC LOCATION AND ACCESS
Materials specified Amazon.com
Uniform Resource Identifier <a href="http://www.amazon.com/exec/obidos/ASIN/3642063357/chopaconline-20">http://www.amazon.com/exec/obidos/ASIN/3642063357/chopaconline-20</a>
942 ## - ADDED ENTRY ELEMENTS (KOHA)
Institution code [OBSOLETE] NBS
Koha item type Book
Call number prefix 300.015195 BAT
Holdings
Withdrawn status Lost status Damaged status Not for loan Permanent Location Current Location Date acquired Total Checkouts Full call number Barcode Date last seen Date last checked out Price effective from Koha item type
        Central Library (CL) Central Library (CL) 08/28/2013 1 300.015195 BAT NBS8834 11/22/2017 07/20/2017 08/28/2013 Book
© 2023 Central Library, National University of Sciences and Technology. All Rights Reserved.